Los límites del conocimiento : la entrevista fílmica /

La entrevista como herramienta de investigación ha sido en las ciencias sociales el vehículo “natural” para lograr que las personas pudieran expresar sus saberes, creencias, emociones. Utilizada con el fin de obtener información en campo acerca de la vida del otro, la entrevista es un tipo de relaci...

Full description

Bibliographic Details
Main Author: Pinilla, Marcela
Format: Libro
Language:English
Published: Santiago, Chile Universidad Academia de Humanismo Cristiano 2007
Subjects:
Online Access:Acceso electrónico al documento

MARC

LEADER 00000cam a2200000 a 4500
001 039622
003 UAHC_CL
005 20170803124358.0
008 030903b xx j 000 1 eng
020 |z 0718876X 
040 |a UAHC_CL  |c UAHC_CL  |d UAHC_CL 
100 1 |a Pinilla, Marcela 
245 1 4 |a Los límites del conocimiento :  |b la entrevista fílmica /  |c Marcela Pinilla. 
260 |b Universidad Academia de Humanismo Cristiano  |c 2007  |a Santiago, Chile 
300 |a p. 1-12 
500 |a En: Revista Chilena de Antropología Visual. No. 9 junio, 2007. pp. 1-12. ISSN 0718876X. 
520 |a La entrevista como herramienta de investigación ha sido en las ciencias sociales el vehículo “natural” para lograr que las personas pudieran expresar sus saberes, creencias, emociones. Utilizada con el fin de obtener información en campo acerca de la vida del otro, la entrevista es un tipo de relación social que se basa en un intercambio discursivo entre entrevistador-entrevistado. En este artículo intentaré analizar algunos aspectos vinculados a la entrevista explorando su carácter performativo y en particular cuando esta se lleva a cabo por medios fílmicos. 
650 4 |a CINE 
650 4 |a ENTREVISTAS 
856 |u http://www.antropologiavisual.cl/guarini.htm#Layer2  |3 Acceso electrónico al documento  |y Acceso electrónico al documento 
900 |a REV. CHIL. ANTROPOL. VIS.-09/07 
942 |c BK 
999 |c 39622  |d 39622